[Event "Landesliga Nord 1920"]
[Site "Bayern"]
[Date "2020.01.19"]
[Round "5.6"]
[White "Monninger, Moritz Franz"]
[Black "Burggraf, Michael"]
[Result "1-0"]
[WhiteElo "2067"]
[BlackElo "1994"]
[PlyCount "49"]
[EventDate "2019.09.29"]
[EventType "team-tourn"]
[EventRounds "9"]
[EventCountry "GER"]
[SourceTitle "EXT 2021"]
[Source "ChessBase"]
[SourceDate "2020.10.23"]
[SourceVersion "1"]
[SourceVersionDate "2020.10.23"]
[SourceQuality "1"]
[WhiteTeam "Herzogenaurach"]
[BlackTeam "Forchheim"]
[WhiteTeamCountry "GER"]
[BlackTeamCountry "GER"]

1. d4 d5 2. Nc3 Nf6 3. Bf4 c6 4. e3 g6 5. h4 h5 6. Nf3 Qb6 7. Na4 Qa5+ 8. c3 Bg4 9. Nc5 Qb6 10. Qd2 Bxf3 11. gxf3 Nbd7 12. Nxd7 Nxd7 13. 0-0-0 Bg7 14. Kb1 e5 15. dxe5 Nxe5 16. Bxe5 Bxe5 17. Bh3 Bf6 18. e4 Rd8 19. e5 Bxh4 20. e6 Bxf2 21. Qf4 fxe6 22. Qf6 Rh7 23. Qxg6+ Rf7 24. Bxe6 Qc7 25. Rxh5 1-0

[Event "Landesliga Nord 1819"]
[Site "Bayern"]
[Date "2018.12.16"]
[Round "4.6"]
[White "Burggraf, Michael"]
[Black "Kinkelin, Ulrich"]
[Result "0-1"]
[WhiteElo "2030"]
[BlackElo "1862"]
[PlyCount "74"]
[EventDate "2018.10.21"]
[EventType "team-tourn"]
[EventRounds "9"]
[EventCountry "GER"]
[SourceTitle "EXT 2022"]
[Source "ChessBase"]
[SourceDate "2021.10.06"]
[SourceVersion "1"]
[SourceVersionDate "2021.10.06"]
[SourceQuality "1"]
[WhiteTeam "Forchheim SC"]
[BlackTeam "Wuerzburg"]
[WhiteTeamCountry "GER"]
[BlackTeamCountry "GER"]

1. e4 d5 2. exd5 Nf6 3. Nc3 Nxd5 4. Bc4 Nb6 5. Bb3 Nc6 6. Nf3 Bf5 7. 0-0 Na5 8. Re1 Nxb3 9. axb3 e6 10. d3 Bb4 11. Ne5 0-0 12. Qf3 c6 13. g4 Bg6 14. Nxg6 hxg6 15. Re4 a5 16. g5 Nd5 17. Ne2 Be7 18. Qg2 Nb4 19. c3 Nc2 20. Rd4 Nxd4 21. Nxd4 Qd5 22. Qg4 c5 23. Nf3 Qxd3 24. Be3 Qf5 25. Qg3 Rfd8 26. Nh4 Qc2 27. Qg4 Qxb2 28. Rc1 Qxb3 29. c4 Qd3 30. Kg2 a4 31. Ra1 a3 32. Ra2 Ra4 33. Nf3 Rxc4 34. Qg3 Bd6 35. Qh3 Rc2 36. Rxc2 Qxc2 37. Qg4 a2 0-1

[Event "Landesliga Nord 1718"]
[Site "Bayern"]
[Date "2017.11.26"]
[Round "3.7"]
[White "Burggraf, Michael"]
[Black "Seidenschwarz, Holger"]
[Result "1/2-1/2"]
[WhiteElo "2064"]
[BlackElo "1954"]
[PlyCount "53"]
[EventDate "2017.10.22"]
[EventType "team-tourn"]
[EventRounds "9"]
[EventCountry "GER"]
[SourceTitle "EXT 2022"]
[Source "ChessBase"]
[SourceDate "2021.10.06"]
[SourceVersion "1"]
[SourceVersionDate "2021.10.06"]
[SourceQuality "1"]
[WhiteTeam "Forchheim SC II"]
[BlackTeam "Kelheim SK"]
[WhiteTeamCountry "GER"]
[BlackTeamCountry "GER"]

1. e4 e5 2. Bc4 Nc6 3. Nc3 Nf6 4. d3 Na5 5. Nf3 Nxc4 6. dxc4 Bb4 7. Bd2 Bxc3 8. Bxc3 d6 9. Qd3 b6 10. 0-0 0-0 11. Rad1 Bb7 12. Rfe1 a5 13. b3 Nd7 14. Nd2 Qg5 15. Re3 Nc5 16. Qe2 f5 17. Rg3 Qf4 18. exf5 Qxf5 19. Rc1 Rae8 20. a3 Ne6 21. Qe3 Rf6 22. b4 axb4 23. axb4 Ref8 24. f3 Rg6 25. Nf1 Rxg3 26. hxg3 Ra8 27. Bb2 1/2-1/2

[Event "Landesliga Nord 1516"]
[Site "Bayern"]
[Date "2016.02.21"]
[Round "7.3"]
[White "Burggraf, Michael"]
[Black "Kunz, Konstantin"]
[Result "0-1"]
[WhiteElo "2075"]
[BlackElo "2150"]
[PlyCount "142"]
[EventDate "2015.10.11"]
[EventType "team-tourn"]
[EventRounds "9"]
[EventCountry "GER"]
[SourceTitle "EXT 2018"]
[Source "ChessBase"]
[SourceDate "2017.10.13"]
[SourceVersion "1"]
[SourceVersionDate "2017.10.13"]
[SourceQuality "1"]
[WhiteTeam "Forchheim II"]
[BlackTeam "Kitzingen"]
[WhiteTeamCountry "GER"]
[BlackTeamCountry "GER"]

1. e4 c5 2. Nc3 a6 3. g3 b5 4. Bg2 Bb7 5. d3 e6 6. f4 b4 7. Nce2 d5 8. exd5 Bxd5 9. Nf3 Nf6 10. 0-0 Nbd7 11. h3 Be7 12. g4 0-0 13. Ng3 Qc7 14. Qe2 Bd6 15. Ng5 Bxg2 16. Qxg2 a5 17. N5e4 c4 18. g5 Nd5 19. Nh5 g6 20. dxc4 Qxc4 21. Nxd6 Qc5+ 22. Kh1 Qxd6 23. Ng3 Rac8 24. Ne4 Qc6 25. Rf2 Nc5 26. b3 Nxe4 27. Qxe4 Qc3 28. Qe5 Qxh3+ 29. Kg1 Rc3 30. Rg2 Rg3 31. Rxg3 Qxg3+ 32. Kf1 Rc8 33. Bd2 Qh3+ 34. Kg1 Qf5 35. Qxf5 gxf5 36. Rc1 Kg7 37. Kf1 Kg6 38. Ke2 f6 39. gxf6 Kxf6 40. Kd3 h5 41. Rh1 Kg6 42. Re1 Rc6 43. Rg1+ Kh7 44. Rg5 Nf6 45. Be1 Kh6 46. Rg2 Nd5 47. Kd4 Kh7 48. Rf2 Kg6 49. Rg2+ Kf7 50. Rf2 h4 51. a3 bxa3 52. c4 Nb4 53. Rh2 a2 54. Bc3 Rd6+ 55. Kc5 Rd3 56. Bh8 h3 57. Kb5 Rxb3 58. Kxa5 Rb1 59. Rxh3 Nc6+ 60. Ka4 a1Q+ 61. Bxa1 Rxa1+ 62. Kb5 Ne7 63. Kc5 Rf1 64. Kd6 Rd1+ 65. Kc5 Ng6 66. Rf3 Kf6 67. Rf2 e5 68. fxe5+ Nxe5 69. Kb5 Rb1+ 70. Ka4 Rc1 71. Kb5 Rxc4 0-1

[Event "Regionalliga NO 1415"]
[Site "Bayern"]
[Date "2015.04.12"]
[Round "9.1"]
[White "Laubert, Johannes"]
[Black "Burggraf, Michael"]
[Result "1-0"]
[WhiteElo "2098"]
[BlackElo "2075"]
[PlyCount "71"]
[EventDate "2014.10.19"]
[EventType "team-tourn"]
[EventRounds "9"]
[EventCountry "GER"]
[SourceTitle "EXT 2018"]
[Source "ChessBase"]
[SourceDate "2017.10.13"]
[SourceVersion "1"]
[SourceVersionDate "2017.10.13"]
[SourceQuality "1"]
[WhiteTeam "Windischeschenbach"]
[BlackTeam "Forchheim II"]
[WhiteTeamCountry "GER"]
[BlackTeamCountry "GER"]

1. e4 c6 2. d4 d5 3. e5 Bf5 4. Nf3 e6 5. Be2 h6 6. 0-0 Nd7 7. Nbd2 Nb6 8. b3 Ne7 9. c4 dxc4 10. bxc4 c5 11. Nb3 Nc6 12. Ba3 cxd4 13. Bxf8 Kxf8 14. Nbxd4 Be4 15. c5 Nxd4 16. Nxd4 Nd7 17. Qc1 Qg5 18. f3 Bd5 19. Qa3 Qe7 20. Rac1 b6 21. f4 Nxc5 22. f5 exf5 23. Nxf5 Qg5 24. Bf3 Bxf3 25. Qxf3 Rd8 26. Rc4 h5 27. Rf4 Ne6 28. Re4 Kg8 29. h4 Qd2 30. Ne7+ Kh7 31. Qxf7 Nf8 32. Qf5+ Kh6 33. Rff4 Qc1+ 34. Kh2 Rd1 35. Qg5+ Kh7 36. Qxh5# 1-0

[Event "Regionalliga NO 1415"]
[Site "Bayern"]
[Date "2015.02.22"]
[Round "7.1"]
[White "Kraft, Volker"]
[Black "Burggraf, Michael"]
[Result "1-0"]
[WhiteElo "2294"]
[BlackElo "2075"]
[PlyCount "57"]
[EventDate "2014.10.19"]
[EventType "team-tourn"]
[EventRounds "9"]
[EventCountry "GER"]
[SourceTitle "EXT 2018"]
[Source "ChessBase"]
[SourceDate "2017.10.13"]
[SourceVersion "1"]
[SourceVersionDate "2017.10.13"]
[SourceQuality "1"]
[WhiteTeam "Zirndorf"]
[BlackTeam "Forchheim II"]
[WhiteTeamCountry "GER"]
[BlackTeamCountry "GER"]

1. e4 c6 2. d4 d5 3. e5 Bf5 4. Nf3 e6 5. Be2 h6 6. 0-0 Nd7 7. Nbd2 g5 8. Nb3 Bg7 9. Ne1 Ne7 10. f4 gxf4 11. Nd3 Ng6 12. Nxf4 Nxf4 13. Bxf4 Qe7 14. Bd3 Bxd3 15. Qxd3 Nf8 16. Bd2 Ng6 17. a3 Nh4 18. Rf2 h5 19. c4 dxc4 20. Qxc4 Nf5 21. Bb4 Qh4 22. Qc5 Bf8 23. Qc3 Bh6 24. g3 Rg8 25. Rxf5 exf5 26. Na5 c5 27. Bxc5 f4 28. Qb3 Rd8 29. e6 1-0

[Event "Regionalliga NO 1415"]
[Site "Bayern"]
[Date "2014.12.07"]
[Round "4.1"]
[White "Burggraf, Michael"]
[Black "Erlbeck, Peter"]
[Result "1/2-1/2"]
[WhiteElo "2075"]
[BlackElo "1964"]
[PlyCount "35"]
[EventDate "2014.10.19"]
[EventType "team-tourn"]
[EventRounds "9"]
[EventCountry "GER"]
[SourceTitle "EXT 2018"]
[Source "ChessBase"]
[SourceDate "2017.10.13"]
[SourceVersion "1"]
[SourceVersionDate "2017.10.13"]
[SourceQuality "1"]
[WhiteTeam "Forchheim II"]
[BlackTeam "Nuernberg Sued SW II"]
[WhiteTeamCountry "GER"]
[BlackTeamCountry "GER"]

1. e4 c5 2. Nc3 Nc6 3. g3 g6 4. Bg2 Bg7 5. d3 d6 6. Be3 Nd4 7. Qd2 e6 8. Nd1 Nf6 9. c3 Nc6 10. h3 Rb8 11. Nf3 b6 12. 0-0 Ba6 13. Nh4 Ne5 14. c4 Bb7 15. f4 Nc6 16. f5 gxf5 17. exf5 e5 18. g4 1/2-1/2

[Event "Regionalliga NO 1314"]
[Site "Bayern"]
[Date "2014.03.16"]
[Round "8.1"]
[White "Burggraf, Michael"]
[Black "Laubert, Johannes"]
[Result "1-0"]
[WhiteElo "2160"]
[BlackElo "2137"]
[PlyCount "85"]
[EventDate "2013.10.13"]
[EventType "team-tourn"]
[EventRounds "9"]
[EventCountry "GER"]
[SourceTitle "EXT 2015"]
[Source "ChessBase"]
[SourceDate "2014.11.20"]
[SourceVersion "1"]
[SourceVersionDate "2014.11.20"]
[SourceQuality "1"]
[WhiteTeam "Forchheim II"]
[BlackTeam "Windischeschenbach"]
[WhiteTeamCountry "GER"]
[BlackTeamCountry "GER"]

1. e4 c5 2. Nc3 Nc6 3. g3 g6 4. Bg2 Bg7 5. d3 e6 6. Be3 d6 7. Qd2 Rb8 8. f4 Nge7 9. Nf3 b5 10. 0-0 Nd4 11. Nh4 0-0 12. Nd1 b4 13. c3 bxc3 14. bxc3 Ndc6 15. f5 exf5 16. exf5 gxf5 17. Bxc6 Nxc6 18. Nxf5 Bxf5 19. Rxf5 Ne5 20. Bh6 f6 21. Bxg7 Kxg7 22. Ne3 Qb6 23. d4 cxd4 24. cxd4 Nc6 25. Rd5 Ne7 26. Ra5 Rb7 27. Rf1 Rd7 28. Rh5 d5 29. Qd3 Rh8 30. Rf4 Qe6 31. Rfh4 Ng6 32. Nf5+ Kf8 33. Rg4 Ne7 34. Ne3 Nc6 35. Rf4 Ke8 36. Ng4 Rf7 37. Qb5 Ke7 38. Rxd5 Rb8 39. Qc5+ Ke8 40. Rd6 Rb1+ 41. Kg2 Qe2+ 42. Kh3 Ne7 43. Rdxf6 1-0

[Event "Regionalliga NO 1213"]
[Site "Bayern"]
[Date "2013.04.14"]
[Round "9.2"]
[White "Burggraf, Michael"]
[Black "Hilverda, Alexander"]
[Result "1-0"]
[WhiteElo "2119"]
[BlackElo "2219"]
[PlyCount "91"]
[EventDate "2012.10.14"]
[EventType "team-tourn"]
[EventRounds "9"]
[EventCountry "GER"]
[SourceTitle "EXT 2015"]
[Source "ChessBase"]
[SourceDate "2014.11.20"]
[SourceVersion "1"]
[SourceVersionDate "2014.11.20"]
[SourceQuality "1"]
[WhiteTeam "Forchheim II"]
[BlackTeam "Erlangen"]
[WhiteTeamCountry "GER"]
[BlackTeamCountry "GER"]

1. e4 c5 2. Nc3 e6 3. g3 d5 4. Bg2 Nf6 5. d3 d4 6. Nce2 e5 7. f4 Nc6 8. Nf3 Bd6 9. 0-0 Qc7 10. c3 Ng4 11. h3 Ne3 12. Bxe3 dxe3 13. f5 b6 14. Qc1 c4 15. Qxe3 cxd3 16. Qxd3 a5 17. Rac1 Ba6 18. c4 Bc5+ 19. Kh2 Rd8 20. Qb3 0-0 21. Nc3 Nd4 22. Nxd4 exd4 23. Nd5 Qe5 24. f6 g6 25. Qd3 Rfe8 26. a3 a4 27. Qd2 Bd6 28. Qd3 b5 29. c5 b4 30. Qf3 Bxf1 31. Bxf1 bxa3 32. cxd6 axb2 33. Rb1 Rb8 34. d7 Re6 35. Bg2 Qd6 36. Bf1 a3 37. Bc4 Qxd7 38. Qxa3 Rxe4 39. Rxb2 Rxb2+ 40. Qxb2 Qd6 41. Qb7 Re8 42. Ne7+ Kh8 43. Nxg6+ hxg6 44. Qxf7 Qf8 45. Qxg6 Re7 46. f7 1-0

[Event "Regionalliga NO 1213"]
[Site "Bayern"]
[Date "2013.02.03"]
[Round "6.3"]
[White "Lutz, Thomas"]
[Black "Burggraf, Michael"]
[Result "0-1"]
[WhiteElo "1971"]
[BlackElo "2119"]
[PlyCount "62"]
[EventDate "2012.10.14"]
[EventType "team-tourn"]
[EventRounds "9"]
[EventCountry "GER"]
[SourceTitle "EXT 2015"]
[Source "ChessBase"]
[SourceDate "2014.11.20"]
[SourceVersion "1"]
[SourceVersionDate "2014.11.20"]
[SourceQuality "1"]
[WhiteTeam "Bechhofen"]
[BlackTeam "Forchheim II"]
[WhiteTeamCountry "GER"]
[BlackTeamCountry "GER"]

1. d4 d5 2. Nf3 Nf6 3. e3 g6 4. Bd3 Bg7 5. 0-0 0-0 6. Nbd2 c6 7. c3 Nbd7 8. e4 dxe4 9. Nxe4 Nxe4 10. Bxe4 Qc7 11. Re1 e5 12. dxe5 Nxe5 13. h3 Rd8 14. Qe2 Be6 15. Bf4 Nxf3+ 16. Qxf3 Qb6 17. Qe2 Rd7 18. a4 a5 19. Be3 Qc7 20. Bc2 Re8 21. Rad1 Bd5 22. Qg4 Rde7 23. Bd2 Be5 24. Kh1 Qb6 25. b4 Qxf2 26. Rf1 Qg3 27. Qxg3 Bxg3 28. bxa5 Re2 29. Rg1 Bc4 30. Bh6 Rxc2 31. Rd4 Bd5 0-1

[Event "Regionalliga NO 1112"]
[Site "Bayern"]
[Date "2012.02.26"]
[Round "7.5"]
[White "Burggraf, Michael"]
[Black "Martin Fernandez, Rodrigo"]
[Result "0-1"]
[WhiteElo "2054"]
[BlackElo "2118"]
[PlyCount "138"]
[EventDate "2011.10.02"]
[EventType "team-tourn"]
[EventRounds "9"]
[EventCountry "GER"]
[SourceTitle "EXT 2015"]
[Source "ChessBase"]
[SourceDate "2014.11.20"]
[SourceVersion "1"]
[SourceVersionDate "2014.11.20"]
[SourceQuality "1"]
[WhiteTeam "Forchheim II"]
[BlackTeam "Erlangen"]
[WhiteTeamCountry "GER"]
[BlackTeamCountry "GER"]

1. e4 c5 2. Nc3 e6 3. g3 d5 4. Bg2 dxe4 5. Nxe4 Be7 6. d3 Nf6 7. Nh3 Nxe4 8. Bxe4 0-0 9. Qh5 f5 10. Bg2 Nd7 11. Ng5 Nf6 12. Qe2 Qb6 13. 0-0 Bd7 14. a4 a5 15. b3 Rae8 16. Nf3 Qc7 17. Bf4 Bd6 18. Bxd6 Qxd6 19. Ne5 Qc7 20. f4 Re7 21. Rad1 Be8 22. Bf3 Nd7 23. Nc4 Bf7 24. Rfe1 Rfe8 25. Qg2 Nf6 26. Qd2 b6 27. Qe2 Nd7 28. d4 cxd4 29. Rxd4 e5 30. Rxd7 Qxd7 31. Nxe5 Qd4+ 32. Kg2 Bd5 33. Rd1 Bxf3+ 34. Qxf3 Qc5 35. Rd5 Qxc2+ 36. Kg1 Qc1+ 37. Kg2 Qc2+ 38. Kg1 Qb1+ 39. Rd1 Qe4 40. Qf2 Rc7 41. Qxb6 Rce7 42. Qc5 g5 43. Qd5+ Qxd5 44. Rxd5 gxf4 45. gxf4 Rb7 46. Rxa5 Rxb3 47. Rd5 Rc8 48. Rd2 Ra3 49. Kg2 Rxa4 50. Kg3 Kg7 51. Kh4 Rxf4+ 52. Kg5 Rf1 53. Rd7+ Kg8 54. Kh6 Rg1 55. Rxh7 Ra8 56. Re7 Ra6+ 57. Kh5 f4 58. h3 Ra5 59. Kh6 Ra6+ 60. Kh5 Rg3 61. Rf7 Ra5 62. Rf5 Rg7 63. Kh4 Ra6 64. Ng4 Rf7 65. Rh5 f3 66. Nf2 Rg6 67. Rg5 Rfg7 68. Rxg6 Rxg6 69. Ng4 Rxg4+ 0-1

[Event "Regionalliga NO 1112"]
[Site "Bayern"]
[Date "2012.02.05"]
[Round "6.4"]
[White "Burggraf, Michael"]
[Black "Lutz, Rainer"]
[Result "1-0"]
[WhiteElo "2054"]
[BlackElo "1863"]
[PlyCount "87"]
[EventDate "2011.10.02"]
[EventType "team-tourn"]
[EventRounds "9"]
[EventCountry "GER"]
[SourceTitle "EXT 2013"]
[Source "ChessBase"]
[SourceDate "2012.11.22"]
[SourceVersion "1"]
[SourceVersionDate "2012.11.22"]
[SourceQuality "1"]
[WhiteTeam "Forchheim II"]
[BlackTeam "Bechhofen"]
[WhiteTeamCountry "GER"]
[BlackTeamCountry "GER"]

1. e4 c5 2. Nc3 e6 3. g3 a6 4. Bg2 Nc6 5. d3 Nge7 6. f4 d6 7. Nf3 Ng6 8. 0-0 Be7 9. Be3 Bd7 10. h4 Qc7 11. Qe1 h6 12. Qf2 b5 13. d4 cxd4 14. Nxd4 Bf6 15. h5 Nge7 16. Rad1 Rc8 17. Ndxb5 axb5 18. Nxb5 Qa5 19. Nxd6+ Kf8 20. e5 Rb8 21. exf6 gxf6 22. Nxf7 Kxf7 23. Rxd7 Rbc8 24. a3 Qb5 25. c3 Na5 26. Ra7 Nac6 27. c4 Qb3 28. Rd7 Rhd8 29. Bxc6 Rxd7 30. Bxd7 Rxc4 31. f5 exf5 32. Bxf5 Nxf5 33. Qxf5 Qxe3+ 34. Kg2 Qd4 35. Rf2 Rc5 36. Qh7+ Ke6 37. Qxh6 Rg5 38. Re2+ Kd7 39. Qh7+ Kc6 40. Rc2+ Kd6 41. Qc7+ Ke6 42. Rc6+ Kf5 43. Qc8+ Ke4 44. Rc4 1-0

[Event "Regionalliga NO 1112"]
[Site "Bayern"]
[Date "2011.12.11"]
[Round "4.3"]
[White "Burggraf, Michael"]
[Black "Grabert, Ralf"]
[Result "1-0"]
[WhiteElo "2054"]
[BlackElo "2181"]
[PlyCount "78"]
[EventDate "2011.10.02"]
[EventType "team-tourn"]
[EventRounds "9"]
[EventCountry "GER"]
[SourceTitle "EXT 2013"]
[Source "ChessBase"]
[SourceDate "2012.11.22"]
[SourceVersion "1"]
[SourceVersionDate "2012.11.22"]
[SourceQuality "1"]
[WhiteTeam "Forchheim II"]
[BlackTeam "Kareth Lappersdorf"]
[WhiteTeamCountry "GER"]
[BlackTeamCountry "GER"]

1. e4 Nf6 2. Nc3 d5 3. exd5 Nxd5 4. Bc4 Nb6 5. Bb3 Nc6 6. a4 Nd4 7. Ba2 Bf5 8. d3 e6 9. a5 Nd7 10. Nge2 c5 11. Bd2 Ne5 12. Nxd4 cxd4 13. Ne4 Be7 14. 0-0 0-0 15. Ng3 Bg6 16. f4 Nc6 17. Qg4 Bb4 18. Bc1 Ne7 19. Bb3 Bxa5 20. f5 Nxf5 21. Nxf5 Bxf5 22. Rxf5 exf5 23. Qxf5 Bc7 24. g3 Qd6 25. Bf4 Qb6 26. Bd2 Qg6 27. Qf3 a5 28. Qxb7 Qb6 29. Qf3 a4 30. Bxf7+ Kh8 31. Ra2 Ra7 32. Qe2 Bxg3 33. Bd5 Bf2+ 34. Kh1 Qf6 35. Ra1 Be3 36. Bb4 Rd8 37. Be4 Qh6 38. Rf1 Re8 39. Qf3 Raa8 1-0

[Event "Regionalliga NO 0809"]
[Site "Bayern"]
[Date "2009.03.29"]
[Round "9.2"]
[White "Burggraf, Michael"]
[Black "Roeder, Frank"]
[Result "0-1"]
[WhiteElo "2121"]
[BlackElo "2153"]
[PlyCount "44"]
[EventDate "2008.10.05"]
[EventType "team-tourn"]
[EventRounds "9"]
[EventCountry "GER"]
[SourceTitle "EXT 2020"]
[Source "ChessBase"]
[SourceDate "2019.10.17"]
[SourceVersion "1"]
[SourceVersionDate "2019.10.17"]
[SourceQuality "1"]
[WhiteTeam "Forchheim II"]
[BlackTeam "Altensittenbach"]
[WhiteTeamCountry "GER"]
[BlackTeamCountry "GER"]

1. e4 c6 2. d4 d5 3. f3 e6 4. g3 c5 5. c3 Nc6 6. Be3 Qb6 7. Qd2 dxe4 8. fxe4 Nf6 9. Bg2 Ng4 10. dxc5 Bxc5 11. Bxc5 Qxc5 12. Qe2 Nce5 13. Nh3 Bd7 14. Na3 Ba4 15. Bf3 h5 16. Bxg4 hxg4 17. Nf2 0-0-0 18. Nxg4 Nxg4 19. Qxg4 Rxh2 20. Qf3 Rxh1+ 21. Qxh1 Qe3+ 22. Kf1 Rd2 0-1

[Event "Regionalliga NO 0708"]
[Site "Bayern"]
[Date "2008.04.20"]
[Round "9.2"]
[White "Klimpel, Thomas"]
[Black "Burggraf, Michael"]
[Result "0-1"]
[WhiteElo "2047"]
[BlackElo "2121"]
[PlyCount "88"]
[EventDate "2007.10.21"]
[EventType "team-tourn"]
[EventRounds "9"]
[EventCountry "GER"]
[SourceTitle "EXT 2009"]
[Source "ChessBase"]
[SourceDate "2008.11.26"]
[SourceVersion "1"]
[SourceVersionDate "2008.11.26"]
[SourceQuality "1"]
[WhiteTeam "Kareth Lappersdorf"]
[BlackTeam "Forchheim II"]
[WhiteTeamCountry "GER"]
[BlackTeamCountry "GER"]

1. e4 c6 2. d4 d5 3. exd5 cxd5 4. Bd3 Nc6 5. c3 Nf6 6. Bf4 g6 7. h3 Bg7 8. Nf3 0-0 9. 0-0 Ne4 10. Re1 f5 11. Qb3 e6 12. Na3 a6 13. Rad1 b5 14. Be5 Nxe5 15. Nxe5 Qh4 16. Re2 Ra7 17. Nc2 g5 18. Bxe4 fxe4 19. Ne3 Bxe5 20. dxe5 Qf4 21. Nxd5 exd5 22. Qxd5+ Qf7 23. Qxe4 Re7 24. h4 g4 25. Rd6 Rfe8 26. Qd4 Qh5 27. Rd8 Qxh4 28. Re4 Bf5 29. Qd5+ Kg7 30. Rxe8 Rxe8 31. Rf4 Rd8 32. Qb3 Qg5 33. g3 Qg6 34. Rd4 Rxd4 35. cxd4 Be4 36. Qb4 Qg5 37. Qc5 Bg6 38. Qc7+ Kh6 39. Qd6 Qc1+ 40. Kg2 Kh5 41. Qd5 Qe1 42. e6+ Kh6 43. f3 gxf3+ 44. Kh3 f2 0-1

[Event "Oberliga Bayern 0708"]
[Site "Bayern"]
[Date "2008.01.20"]
[Round "5.8"]
[White "Keller, Manfred"]
[Black "Burggraf, Michael"]
[Result "1-0"]
[WhiteElo "2173"]
[BlackElo "2073"]
[PlyCount "53"]
[EventDate "2007.10.21"]
[EventType "team-tourn"]
[EventRounds "9"]
[EventCountry "GER"]
[SourceTitle "EXT 2009"]
[Source "ChessBase"]
[SourceDate "2008.11.26"]
[SourceVersion "1"]
[SourceVersionDate "2008.11.26"]
[SourceQuality "1"]
[WhiteTeam "Pang/Rosenheim"]
[BlackTeam "Forchheim"]
[WhiteTeamCountry "GER"]
[BlackTeamCountry "GER"]

1. e4 c6 2. d4 d5 3. exd5 cxd5 4. c4 Nf6 5. Nc3 Nc6 6. Bg5 e6 7. Nf3 dxc4 8. Bxc4 Be7 9. 0-0 0-0 10. Re1 a6 11. a3 b5 12. Ba2 Bb7 13. Qd3 h6 14. Bh4 Qd7 15. Rad1 Rfd8 16. d5 exd5 17. Bxf6 Bxf6 18. Nxd5 Qd6 19. Qf5 Bxb2 20. Ne7+ Qxe7 21. Rxe7 Rxd1+ 22. Re1 Rxe1+ 23. Nxe1 Rf8 24. Qd7 Nd8 25. Nd3 Bc6 26. Qc7 Be4 27. Nxb2 1-0